000 00603nam a2200217 a 4500
001 BRL_135
005 20190320210614.0
008 181012s19uu----enkf######---#000-0#eng-#
041 _aeng
044 _aenk
050 4 _aND511.5K6
_b.K65 1900
245 1 0 _aKokoschka
_cintroduction and notes by Bernhard Borchert.
260 _aLondon
_bFaber and Faber
_c[19--]
300 _a24 p.
_bil., 10 láminas
_c31 cm.
440 0 _aThe Faber Gallery
_v31
_923007
500 _aAu164
600 1 4 _aKokoschka, Oscar
_d1886-1980
_923008
700 1 _aBorchert, Bernhard
_923009
902 _aGRL
942 _2lcc
_cB
999 _c8948
_d8948